000 00290nam a22001217a 4500
008 170612b xxu||||| |||| 00| 0 eng d
041 _aeng
080 _a32
100 _a19
101 _ashp
245 _aPOLITICAL OPINION AND ELECTRORAL BEHAVIORS
_cDREYER.E.C
942 _2udc
_cBK
999 _c16979
_d16979